<?xml version="1.0" encoding="UTF-8"?><?xml-stylesheet type="text/xsl" href="static/style.xsl"?><OAI-PMH xmlns="http://www.openarchives.org/OAI/2.0/" xmlns:xsi="http://www.w3.org/2001/XMLSchema-instance" xsi:schemaLocation="http://www.openarchives.org/OAI/2.0/ http://www.openarchives.org/OAI/2.0/OAI-PMH.xsd"><responseDate>2026-06-02T06:57:03Z</responseDate><request verb="GetRecord" identifier="oai:riuma.uma.es:10630/4907" metadataPrefix="marc">https://riuma.uma.es/rest/oai/request</request><GetRecord><record><header><identifier>oai:riuma.uma.es:10630/4907</identifier><datestamp>2026-02-03T12:44:16Z</datestamp><setSpec>com_10630_2254</setSpec><setSpec>col_10630_37957</setSpec></header><metadata><record xmlns="http://www.loc.gov/MARC21/slim" xmlns:dcterms="http://purl.org/dc/terms/" xmlns:doc="http://www.lyncode.com/xoai" xmlns:xsi="http://www.w3.org/2001/XMLSchema-instance" xsi:schemaLocation="http://www.loc.gov/MARC21/slim http://www.loc.gov/standards/marcxml/schema/MARC21slim.xsd">
   <leader>00925njm 22002777a 4500</leader>
   <datafield ind2=" " ind1=" " tag="042">
      <subfield code="a">dc</subfield>
   </datafield>
   <datafield ind2=" " ind1=" " tag="720">
      <subfield code="a">Fontalba-Navas, Andrés</subfield>
      <subfield code="e">author</subfield>
   </datafield>
   <datafield ind2=" " ind1=" " tag="260">
      <subfield code="c">2011</subfield>
   </datafield>
   <datafield ind2=" " ind1=" " tag="520">
      <subfield code="a">Partiendo de la visión global de la hospitalización psiquiátrica en la Comunidad Autónoma Andaluza, el presente estudio pretende profundizar sobre la evolución diagnóstica de los Trastornos de Personalidad y su impacto sobre el uso de dispositivos sanitarios. Se planteó un estudio observacional retrospectivo y analítico de los pacientes ingresados en las Unidades de Hospitalización Psiquiátrica, recogidos mediante el registro CMBD a lo largo de diez años (1995-2004). El número de pacientes, así como de ingresos, con al menos un diagnóstico de Trastorno  de Personalidad está aumentando, pero no igual en todos los subtipos. El Trastorno Límite de Personalidad es el que experimenta el mayor aumento, igualmente asociado a altas tasas de rehospitalización</subfield>
   </datafield>
   <datafield ind1="8" ind2=" " tag="024">
      <subfield code="a">http://hdl.handle.net/10630/4907</subfield>
   </datafield>
   <datafield tag="653" ind2=" " ind1=" ">
      <subfield code="a">Personalidad - Trastornos -  Tesis doctorales</subfield>
   </datafield>
   <datafield tag="653" ind2=" " ind1=" ">
      <subfield code="a">Enfermedades mentales - Diagnóstico - Tesis doctorales</subfield>
   </datafield>
   <datafield ind2="0" ind1="0" tag="245">
      <subfield code="a">La hospitalización psiquiátrica en Andalucía: Evolución diagnóstica de los trastornos de personalidad</subfield>
   </datafield>
</record>
</metadata></record></GetRecord></OAI-PMH>